|
|
|
|
| LEADER |
00000naa0a2200000 4500 |
| 001 |
593818 |
| 005 |
20250131120237.0 |
| 035 |
|
|
|a (RuTPU)RU\TPU\tpu\7548
|
| 035 |
|
|
|a TPU00000008
|
| 090 |
|
|
|a 593818
|
| 100 |
|
|
|a 20020118d1979 k y0rusy50 ca
|
| 101 |
0 |
|
|a rus
|
| 102 |
|
|
|a RU
|
| 200 |
1 |
|
|a Неразрушающий контроль стыковых соединений, полученных сваркой давлением, на основе диссипации энергии
|f В. И. Максак, В. Н Грачев, Б. Ф. Советченко
|
| 333 |
|
|
|a В фонде НТБ ТПУ отсутствует
|
| 463 |
|
|
|t Пути повышения эффективности, качества и надежности в сварочном производстве
|o тезисы докладов зональной научно-технической конференции, Красноярск, 20-21 ноября 1979 г.
|v С. 116-119
|d 1979
|
| 610 |
1 |
|
|a сварка
|
| 610 |
1 |
|
|a труды учёных ТПУ
|
| 700 |
|
1 |
|a Максак
|b В. И.
|c российский ученый, физик
|c профессор кафедры сопротивления материалов Томского политехнического университета
|f 1936-
|g Владислав Иванович
|3 (RuTPU)RU\TPU\pers\19836
|
| 701 |
|
1 |
|a Грачев
|b В. Н
|
| 701 |
|
1 |
|a Советченко
|b Б. Ф.
|c специалист в области машиностроения
|c доцент Томского политехнического университета, кандидат технических наук
|f 1946-
|g Борис Федорович
|3 (RuTPU)RU\TPU\pers\26630
|4 070
|
| 712 |
1 |
2 |
|a Пути повышения эффективности, качества и надежности в сварочном производстве
|b Зональная научно-техническая конференция
|e Красноярск
|f 1979
|
| 801 |
|
0 |
|a RU
|b 63413507
|c 20020118
|g PSBO
|
| 801 |
|
2 |
|a RU
|b 63413507
|c 20120118
|g PSBO
|
| 942 |
|
|
|c BK
|